Liga de productores del Principado de Cataluña / [José Zulueta]
Descripción Física:
16 p. ; 16 cm
MARC
| LEADER | 00000nam a2200000Ia 4500 | ||
|---|---|---|---|
| 001 | 20485 | ||
| 008 | 160829s1894 xx 000 0 cat d | ||
| 080 | |a RF-7-72 | ||
| 100 | |a Zulueta y Gomis, José |9 25685 | ||
| 245 | |a Liga de productores del Principado de Cataluña / [José Zulueta] | ||
| 260 | |a Barcelona : |b Rovira, |c 1894 | ||
| 300 | |a 16 p. ; |c 16 cm | ||
| 590 | |a Prové de C-204. | ||
| 590 | |a Exposició: Obrim l'Arxiu 2008 | ||
| 650 | |a Productivitat agrícola |x Catalunya |9 48820 | ||
| 650 | |a Impostos |x Catalunya |9 48821 | ||
| 856 | 4 | |u https://media.diba.cat/diba/fitxers/arxiu/fulletons/bib_20485_1894_baixa.pdf |y Accés lliure | |
| 856 | 4 | |u https://media.diba.cat/diba/fitxers/arxiu/fulletons/bib_20485_1894_baixa.pdf |y Accés lliure | |
| 901 | |a Arxiu | ||
| 942 | |n 1 |2 udc | ||
| 952 | |0 0 |1 0 |4 0 |6 RF772 |7 1 |9 54882 |a Arxiu |b Arxiu |d 2016-12-01 |l 0 |o RF-7-72 |p 20485 |r 2016-12-01 00:00:00 |w 2016-12-01 |y ARXIU | ||
| 999 | |c 58752 |d 58752 | ||
| 900 | |a bib_20485_1894_baixa.pdf | ||